zpět

Detail výsledku týmu

Bohemia Café, Česká Lípa

Datum a čas kvízu

31.5 Celkem bodů Celkový počet nahraných bodů na tomto kvízu bez doplňovacích otázek.
4. Pořadí na kvízu Konečné umístění týmu na tomto kvízu.

Zaznamenané odpovědi

# Otázka Odpověď Body Výsledky
1. Jeden z ministrů české vlády m... Oto Klempíř 1
2. Že USA společně s Izraelem zaú... C 1
3. Do Prahy zavítal na natáčení 5... Leonardo DiCaprio; Martin Scorsese 0
4. V pátek byla oznámena fúze dvo... Paramount (Skydance), Warner Bros. (Discovery) 1
5. Hokejový klub Dynamo Pardubice... B 0
6. Název „Pyrenejský poloostrov“... Iberský poloostrov 1
7. Vyberte správné tvrzení týkají... A 0
8. Níže vidíte na mapě jisté auto... Andalusie, Sevilla 0.5
9. Jak se jmenuje portugalský mys... C 0
10. Hledáme název ikonické stavby... Belémská věž 1